| 000 | 00636cam a2200205 a 4500 | ||
|---|---|---|---|
| 005 | 20160316165717.0 | ||
| 008 | 160316s1955 arg r 00000 spa d | ||
| 040 |
_aCO-BoBLA _cCO-BoBLA |
||
| 041 | 0 | _aspa | |
| 082 | 1 | 4 |
_a599.2273 _bS87l |
| 100 | 1 | _aPurnell de Stone, Idella | |
| 245 | 1 | 0 | _aLuther Burbank, el mago de las plantas. |
| 260 |
_aBuenos Aires: _bEspasa, _c1955. |
||
| 300 |
_a139 páginas, _c15 centímetros. |
||
| 490 |
_aColección Austral _v1235 |
||
| 600 | 1 | 4 |
_aBurbank Luther. _d1849-1926 |
| 650 | 1 |
_aBotánicos _vbiografias |
|
| 650 | 1 |
_aHorticultor _vbiografías |
|
| 942 |
_2ddc _cLIBRO |
||
| 999 |
_c18226 _d18226 |
||